POLITICA Y SOCIEDAD EN UNA EPOCA DE TRANSICION: DE LA SOCIEDAD TRADICIONAL A LA SOCIEDAD DE MASAS/

Na minha lista:
Detalhes bibliográficos
Autor principal: Germani, Gino (autor)
Formato: Livro
Colecção:PAIDOS; 13
Assuntos:
Tags: Adicionar Tag
Sem tags, seja o primeiro a adicionar uma tag!

MARC

LEADER 00000nam^a2200000^a^4500
001 000224000
005 20250521000000.0
009 20260310104034.556
035 |a 032590 
037 |a Acervo Xavier Clavigero 
082 |a 305.  |b GER 
100 |a Germani, Gino  |e (autor) 
245 1 0 |a POLITICA Y SOCIEDAD EN UNA EPOCA DE TRANSICION:  |b DE LA SOCIEDAD TRADICIONAL A LA SOCIEDAD DE MASAS/  |c GINO GERMANI 
264 |a BUENOS AIRES :  |b PAIDOS,  |c 1977 
300 |a 371p. 
336 |a texto  |b txt  |2 rdacontenido 
337 |a sin mediación  |b n  |2 rdamedio 
338 |a volumen  |b nc  |2 rdasoporte 
440 |a PAIDOS;  |v 13 
649 |a XX 
650 |a Cambios Sociales y Culturales 
650 |a Argentina -  |x Condiciones Sociales y Culturales 
650 |a Iberoamérica -  |x Condiciones Sociales y Culturales 
910 |a Fondo General 
920 |a Impresos - Libros 
930 |a Colección General 
905 |a 101 
901 |a 032590  |b IT1  |c ACC  |i 032590  |u 20250521 
902 |a https://opac.biblio.iteso.mx/vufind/Record/000224000